| 000 | 00627nam a22001937a 4500 | ||
|---|---|---|---|
| 999 |
_c193342 _d193342 |
||
| 005 | 20221025140027.0 | ||
| 010 | _aENG-135434 | ||
| 020 |
_a9789386016812 _c1295.00 |
||
| 035 | _aEN-118966 | ||
| 037 | _bDBAD/PUB | ||
| 082 | _a796.962 | ||
| 100 | _aSafdarKhan, chandkhan | ||
| 245 |
_aA handbook of hockey/ _cBy chandkhan safdarkhan |
||
| 260 |
_akanpur _c2018 _bchanderlok prakashan |
||
| 270 |
_a132, 'shivram kripa', mayur park basant vihar _bkanpur _e208021 _mchanderlok.prakashan@gmail.com |
||
| 300 |
_a332p. _c21cm(hbk) |
||
| 700 |
_aSangwan, sher singh _eeditor |
||
| 942 |
_2ddc _cEN _mSAF _h796.962 |
||